000
00268nam a22001097a 4500
082
_a
511.2 OHU'M
100
_a
CHURCHILL, R.V
_9
73313
245
_a
MODERN OPERATIONAL MATHEMATICS IN ENGINEERING
260
_a
NEWYORK
_b
MCGRAW HILL
_c
1944
300
_a
306P
942
_c
BK
999
_c
579094
_d
579094